| 000 | 00646nam a2200241Ia 4500 | ||
|---|---|---|---|
| 001 | 2020 | ||
| 003 | GE_BSU | ||
| 008 | 181216s||||||||xx |||||||||||||| ||und|| | ||
| 020 | _a978548201293 | ||
| 040 | _cGE_BSU | ||
| 080 | _a340.1(075.8) | ||
| 100 | _aМарченко,М.Н. | ||
| 245 | _aТеория государства и права | ||
| 245 | _bУчебник | ||
| 250 | _aИзд. 2-е, перераб. и. доп. | ||
| 260 | _aМосква | ||
| 260 | _bПроспект | ||
| 260 | _c2007 | ||
| 300 | _a648стр. 21см. | ||
| 541 | _h25л. | ||
| 653 | _aТеория государства и права | ||
| 942 | _cBK | ||
| 999 |
_c36120 _d36120 |
||